000 00327nam a2200157Ia 4500
005 20250425161017.0
008 250425s9999 xx 000 0 und d
041 _aspa
082 _a633.18
245 0 _aEL ARROZ
250 _aS.E.
260 _aS.L.
260 _aSin Pais
_bS.E.
_c1980
942 _c01
010 _a10539
999 _c200626
_d200626